000
00173 a2200097 4500
001
28414
100
_a
245
_a
260
_a
_b
McGraw-Hill
_c
090
_c
19020
_d
19020
942
_a
NUST-CAE
_c
_c
10026
999
_c
263487
_d
263487